Die Währungsfrage in den Vereinigten Staaten von Nordamerika
Uložené v:
| Médium: | Kniha |
|---|---|
| Jazyk: | German |
| Vydavateľské údaje: |
Stuttgart
J. G. Cotta
1897
|
| Tagy: |
Žiadne tagy, Buďte prvý, kto otaguje tento záznam!
|
MARC
| LEADER | 00000nam a2200000 4500 | ||
|---|---|---|---|
| 001 | 0306775 | ||
| 005 | 20250204133009.0 | ||
| 041 | 0 | |a ger | |
| 044 | |a DE | ||
| 245 | 1 | 0 | |a Die Währungsfrage in den Vereinigten Staaten von Nordamerika |c Max Prager |
| 264 | 1 | |a Stuttgart |b J. G. Cotta |c 1897 | |